LEADER 01720nam 2200385Ia 450 001 996387421003316 005 20200824132842.0 035 $a(CKB)4940000000087087 035 $a(EEBO)2240860496 035 $a(OCoLC)ocm52211845e 035 $a(OCoLC)52211845 035 $a(EXLCZ)994940000000087087 100 $a20030509d1679 uy 0 101 0 $aeng 135 $aurbn||||a|bb| 200 14$aThe dreadful character of a drunkard: or, The most odious and beastly sin of drunkenness described and condemned$b[electronic resource] $eShewing the fearful judgements that have befallen notorious drunkards: with brief exhortations to perswade men from that swinish and abominable sin. /$fBy Andrew Jones, a lover of sobriety 205 $aThe sixth edition. 210 $aEdinburgh $cPrinted by the heir of Andrew Anderson, Printer to his most sacred Majesty$d1679 215 $a22 p 300 $aBy John Hart. Often attributed to Andrew Jones. 300 $aImperfect: tightly bound, cropped, torn with some loss of text. 300 $aReproduction of the original in the National Library of Scotland. 330 $aeebo-0097 606 $aAlcoholism$xReligious aspects$xChristianity$vEarly works to 1800 606 $aTemperance$xBiblical teaching$vEarly works to 1800 615 0$aAlcoholism$xReligious aspects$xChristianity 615 0$aTemperance$xBiblical teaching 700 $aHart$b John$cD.D.$0195672 701 $aJones$b Andrew$cM.A.$0569681 801 0$bEAE 801 1$bEAE 906 $aBOOK 912 $a996387421003316 996 $aThe dreadful character of a drunkard: or, The most odious and beastly sin of drunkenness described and condemned$92334286 997 $aUNISA LEADER 03376nam 2200673 450 001 9910807086303321 005 20200520144314.0 010 $a1-118-81875-X 035 $a(CKB)3710000000239008 035 $a(EBL)1786576 035 $a(OCoLC)890982392 035 $a(SSID)ssj0001333521 035 $a(PQKBManifestationID)12603700 035 $a(PQKBTitleCode)TC0001333521 035 $a(PQKBWorkID)11392320 035 $a(PQKB)10339934 035 $a(MiAaPQ)EBC1786576 035 $a(Au-PeEL)EBL1786576 035 $a(CaPaEBR)ebr10931976 035 $a(MiAaPQ)EBC7104103 035 $a(Au-PeEL)EBL7104103 035 $a(JP-MeL)3000110385 035 $a(EXLCZ)993710000000239008 100 $a20140923h20042004 uy 0 101 0 $aeng 135 $aur|n|---||||| 181 $ctxt 182 $cc 183 $acr 200 14$aThe origins of World War II /$fKeith Eubank 205 $aThird edition. 210 1$aWheeling, Illinois :$cHarlan Davidson, Inc.,$d2004. 210 4$d2004 215 $a1 online resource (216 p.) 225 1 $aEuropean History Stories 300 $aIncludes index. 311 $a0-88295-228-5 327 $aCover ; Title Page ; Copyright ; Contents ; Preface to the Third Edition ; Chapter 1: ""peace , "" 1918-1933 ; November 11 , 1918 ; The Treaty of Versailles ; French ""security "" ; German ""good Faith"" ; Economic Crisis ; Chapter 2: The Uneasy Peace, 1933-1935 ; Adolf Hitler ; Rearmament and Disarmament ; The Four-power Pact ; The Dollfuss Affair ; Germany''s Military Renaissance ; The Franco-soviet Pact ; The Anglo-german Naval Agreement ; Notes ; Chapter 3: Years of Crisis, 1935-1938 ; Mussolini and Ethiopia ; Hitler in the Rhineland ; The Popular Front and the Spanish Civil War 327 $aAppeasement and Appeasers Notes ; Chapter 4: The Road to War, 1938 ; The Reichschancellery Meeting ; The Anschluss ; Crisis in Czechoslovakia ; The Munich Conference ; The End of Czechoslovakia ; Notes ; Chapter 5: War, 1 939 ; Danzig ; Appeasement Fails ; Conclusion ; Notes ; Bibliographical Essay ; Index 330 $aMore than 60 years have passed since the outbreak of the most catastrophic conflict the world has known: 30 million people dead and unbelievable devastation. In the 3rd edition of this popular volume, Keith Eubank seeks answers to the questions that have plagued us: Why, after the ghastly ordeal of World War I did Western powers undervalue the threat from Hitler? Why was there so much reluctance on the part of Britain and France to confront Germany? Why had Germany been permitted to rearm and to occupy independent nations without a struggle? What was the policy of appeasement? Why did the appe 410 0$aEuropean horizons. 606 $aWorld War, 1939-1945$xCauses 606 $aNational socialism 607 $aEurope$xPolitics and government$y1918-1945 607 $aGermany$xForeign relations$y1933-1945 607 $aGermany$xMilitary policy 615 0$aWorld War, 1939-1945$xCauses. 615 0$aNational socialism. 676 $a940.53/11 686 $a209.74$2njb/09 686 $a940.53/11$2njb/09 700 $aEubank$b Keith$0568346 801 0$bMiAaPQ 801 1$bMiAaPQ 801 2$bMiAaPQ 906 $aBOOK 912 $a9910807086303321 996 $aThe origins of World War II$94063237 997 $aUNINA